LIBRARY & INFORMATION CENTRE, KCAET, TAVANUR

ONLINE PUBLIC ACCESS CATALOGUE (OPAC)

Course in electrical and electronic measurements and instrumentation / (Record no. 10304)

MARC details
000 -LEADER
fixed length control field 00552cam a2200205ua 4500
041 ## - LANGUAGE CODE
Language code of text/sound track or separate title eng
082 ## - DEWEY DECIMAL CLASSIFICATION NUMBER
Classification number 621.37
Item number SAW/CO
100 ## - MAIN ENTRY--AUTHOR NAME
Personal name Sawhney, A K .
245 ## - TITLE STATEMENT
Title Course in electrical and electronic measurements and instrumentation /
250 ## - EDITION STATEMENT
Edition statement 4 /
260 ## - PUBLICATION, DISTRIBUTION, ETC. (IMPRINT)
Place of publication New Delhi :
Name of publisher Dhanpat Rai Publishing Co. Pvt. Ltd. ,
Year of publication 1992.
300 ## - PHYSICAL DESCRIPTION
Number of Pages 1075 ; .
500 ## - GENERAL NOTE
General note *CSS
942 ## - ADDED ENTRY ELEMENTS (KOHA)
Koha item type Books
Holdings
Withdrawn status Lost status Damaged status Home library Current library Date acquired Full call number Accession Number Koha item type Shelving location
      KAUAET KAUAET 03/09/2018 621.37 SAW/CO 17896 Books  
      KAUAET KAUAET 03/09/2018 621.37 SAW/CO 17897 Books Scheme
free website counter